| 000 | 00435 a2200181 4500 | ||
|---|---|---|---|
| 003 | Nust | ||
| 005 | 20170207153433.0 | ||
| 040 | _cNust | ||
| 082 | _a909.54 | ||
| 100 | _aArslan, Alp | ||
| 245 |
_aPakistan explained _cAlp Arslan, |
||
| 250 | _a1st ed | ||
| 260 |
_aLahore _bNorthern India Publisher _c1945 |
||
| 300 |
_a113 p _billus _c19 cm |
||
| 538 | _aAlmirah No.59 Shelf No.4 | ||
| 600 | _aArslan, Alp | ||
| 650 | _aPakistan explained | ||
| 942 |
_2ddc _cBK |
||
| 999 |
_c186201 _d186201 |
||